[Event "Parana-chT 55th"]
[Site "Maringa"]
[Date "2012.09.24"]
[Round "2.2"]
[White "Krause de Salles, Leandro Luiz"]
[Black "Kuhn, Joao Marcos"]
[Result "1-0"]
[WhiteElo "2092"]
[BlackElo "1775"]
[PlyCount "127"]
[EventDate "2012.09.24"]
[EventType "team-swiss"]
[EventRounds "7"]
[EventCountry "BRA"]
[SourceTitle "EXT 2014"]
[Source "ChessBase"]
[SourceDate "2013.11.20"]
[SourceVersion "1"]
[SourceVersionDate "2013.11.20"]
[SourceQuality "1"]
[WhiteTeam "Sao Jose dos Pinhais"]
[BlackTeam "Ponta Grossa"]
[WhiteTeamCountry "BRA"]
[BlackTeamCountry "BRA"]

1. e4 e5 2. Nf3 Nc6 3. Bc4 Bc5 4. c3 Nf6 5. d3 h6 6. Nbd2 d6 7. Bb3 0-0 8. 0-0 Be6 9. Re1 Re8 10. Nf1 d5 11. exd5 Bxd5 12. Be3 Bb6 13. Ng3 Bxb3 14. axb3 Qd6 15. Qc2 Rad8 16. Rad1 Nd5 17. b4 a6 18. Qb3 Qg6 19. Bxb6 cxb6 20. b5 Na5 21. Qa4 axb5 22. Qxb5 Nc6 23. d4 Nf4 24. Nxe5 Nxe5 25. Rxe5 Rxe5 26. Qxe5 Qc2 27. Rf1 Ne6 28. Qe2 Qb3 29. h3 Kf8 30. Nf5 Re8 31. Ne3 Nf4 32. Qc2 Qb5 33. Rd1 Qg5 34. Kh2 Qf6 35. g3 Ne6 36. Qf5 Qxf5 37. Nxf5 Ng5 38. Ne3 Ne4 39. Kg2 g6 40. Nc4 b5 41. Ne5 Nd6 42. Kf3 Kg7 43. b3 f6 44. Nd3 Kf7 45. Rc1 Rc8 46. Ke3 b6 47. Nb4 f5 48. f3 g5 49. Kd3 f4 50. gxf4 gxf4 51. Nd5 Rc6 52. Nxf4 Nb7 53. Nd5 Na5 54. Rb1 Ke6 55. Ne3 Kf6 56. f4 h5 57. c4 b4 58. Nd5+ Kf7 59. f5 Nb7 60. f6 Re6 61. Rg1 Kf8 62. Rg5 Nd6 63. Rxh5 Kf7 64. Re5 1-0